000 00392nam a2200121Ia 4500
005 20251222154304.0
008 251222s9999||||xx |||||||||||||| ||spa||
020 _a978-612-4011-21-4
082 _a320.518.5/V19
100 _a"Valdivia Acuña, María Inés"
245 0 _a"El liberalismo social en el Perú: Masones, bomberos, librepensadores y anarquistas durante el siglo XIX"
942 _cLIB
999 _c33148
_d33148